Guinea Bissau : EIU Country profile 2004.

Bibliographic Details
Format: Book
Published: London: The Economist Intelligence Unit, 2004.
Subjects:
LEADER 00442cam a2200145 7i4500
001 0000015651
005 20050603090000.0
022 0 0 |a 1364-7350 
090 0 0 |a GUIE 330.9   |b GUI 
245 0 0 |a Guinea Bissau :   |b EIU Country profile 2004. 
260 0 0 |a London:   |b The Economist Intelligence Unit,   |c 2004. 
300 # # |a 40 p. 
650 0 0 |a Guinea Bissau --   |x Country profile  
651 0 0 |a Guinea Bissau  
999 |a B000017042  |b Book  |c Countries  |e Business Information Centre